De la liviandad á el claustro / (Record no. 166639)

MARC details
000 -LEADER
campo de control de longitud fija 00618nam a22001575i 4500
001 - NÚMERO DE CONTROL
campo de control 166639
003 - IDENTIFICADOR DE NÚMERO DE CONTROL
campo de control ES-MaACL
005 - FECHA Y HORA DE LA ÚLTIMA TRANSACCIÓN
campo de control 20230906213355.0
008 - DATOS DE LONGITUD FIJA--INFORMACIÓN GENERAL
campo de control de longitud fija 000216s1895 sp |||| | spa d
040 ## - FUENTE DE CATALOGACIÓN
Centro catalogador/agencia de origen CCPB | B
Lengua de catalogación spa
Centro/agencia transcriptor CCPB | B
100 1# - ENTRADA PRINCIPAL--NOMBRE DE PERSONA
Nombre de persona Trigueros y González, Mariano.
9 (RLIN) 133378
245 10 - MENCIÓN DEL TÍTULO
Título De la liviandad á el claustro /
Mención de responsabilidad, etc. poema tradicional de Mariano Trigueros y Gonzalez.
260 ## - PUBLICACIÓN, DISTRIBUCIÓN, ETC.
Lugar de publicación, distribución, etc. Carmona :
Nombre del editor, distribuidor, etc. Adolfo Vergara, editor,
Fecha de publicación, distribución, etc. 1895 (
Fabricante imprenta de Bernabé Fernández)
300 ## - DESCRIPCIÓN FÍSICA
Extensión 78 p. ;
Dimensiones 21 cm.
852 ## - LOCALIZACIÓN
Ubicación ES-MaACL
Número de control de estantería T-863-F-5
Nota libre -- Enc. hol., conservando la cub. original
-- -- Enc. en un vol. facticio
Holdings
Estatus retirado Estado de pérdida Estado de daño No para préstamo Colección Biblioteca de origen Biblioteca actual Ubicación en estantería Fecha de adquisición Total de préstamos Signatura topográfica completa Código de barras Visto por última vez Precio de reemplazo Tipo de ítem Koha
        Colección de folletos Biblioteca del Ateneo de Madrid Biblioteca del Ateneo de Madrid Depósito folletos 17/01/2008   T-863-F-5 1174771 23/02/2023 23/02/2023 Folleto